Variasi masakan selatan

Bibliographic Details
Main Author: Norzailina Nordin
Format: Book
Published: Selangor : Alaf 21 , 2005
Subjects:

MARC

LEADER 00000cam a2200000 7i4500
001 0000014454
005 20080303.0
008 080303
020 |a 9831241991 
090 0 0 |a 641.59595   |b NOR 
100 0 |a Norzailina Nordin 
245 1 0 |a Variasi masakan selatan   |c Norzailina Nordin 
260 |a Selangor :   |b Alaf 21 ,   |c 2005 
650 0 |a Cookery, Malaysian 
650 0 |a Recipes   |z Malaysia 
999 |a 0001013229   |b Book   |c Adult Collection   |e Perbadanan Perpustakaan Awam Johor 
999 |a 0001013230   |b Book   |c Adult Collection   |e Perbadanan Perpustakaan Awam Johor 
999 |a 0001013231   |b Book   |c Adult Collection   |e Perbadanan Perpustakaan Awam Johor 
999 |a 0001013232   |b Book   |c Adult Collection   |e Perbadanan Perpustakaan Awam Johor 
999 |a 0001013233   |b Book   |c Adult Collection   |e Perbadanan Perpustakaan Awam Johor